000 00288nam a2200121Ia 4500
008 191206s9999 xx 000 0 und d
020 _a9.78178E+12
090 _aMLC500413P
245 0 _aThey are coming
260 _cc2014
300 _a146 pages ; 21 cm
999 _c17175
_d17175